Education and national development : (Record no. 7135)
[ view plain ]
| 000 -LEADER | |
|---|---|
| fixed length control field | 01300cam a2200373 a 4500 |
| 001 - CONTROL NUMBER | |
| control field | 270842 |
| 005 - DATE AND TIME OF LATEST TRANSACTION | |
| control field | 20250616113754.0 |
| 008 - FIXED-LENGTH DATA ELEMENTS--GENERAL INFORMATION | |
| fixed length control field | 840213s1983 enk b 001 0 eng |
| 010 ## - LIBRARY OF CONGRESS CONTROL NUMBER | |
| LC control number | 82022446 |
| 020 ## - INTERNATIONAL STANDARD BOOK NUMBER | |
| International Standard Book Number | 0080289150 : |
| Terms of availability | $32.00 (est.) |
| 020 ## - INTERNATIONAL STANDARD BOOK NUMBER | |
| International Standard Book Number | 0080302025 (soft) : |
| Terms of availability | $13.00 (est.) |
| 035 ## - SYSTEM CONTROL NUMBER | |
| System control number | (OCoLC)9066374 |
| 035 ## - SYSTEM CONTROL NUMBER | |
| System control number | (OCoLC)ocm09066374 |
| 035 ## - SYSTEM CONTROL NUMBER | |
| System control number | (CStRLIN)NYCG84-B7600 |
| 035 ## - SYSTEM CONTROL NUMBER | |
| System control number | (NNC)270842 |
| 040 ## - CATALOGING SOURCE | |
| Modifying agency | CStRLIN |
| Transcribing agency | BSU |
| 050 0# - LIBRARY OF CONGRESS CALL NUMBER | |
| Classification number | LC65 |
| Item number | .F33 1983 |
| 082 0# - DEWEY DECIMAL CLASSIFICATION NUMBER | |
| Classification number | 370.19 |
| Edition number | 19 |
| Item number | FAG |
| 090 ## - LOCALLY ASSIGNED LC-TYPE CALL NUMBER (OCLC); LOCAL CALL NUMBER (OCLC) | |
| Classification number (OCLC) (R) ; Classification number, CALL (RLIN) (NR) | LC65 |
| Local cutter number (OCLC) ; Book number/undivided call number, CALL (RLIN) | .F33 1983 |
| 100 1# - MAIN ENTRY--PERSONAL NAME | |
| Personal name | Fägerlind, Ingemar, |
| Dates associated with a name | 1935- |
| 9 (RLIN) | 15399 |
| 245 10 - TITLE STATEMENT | |
| Title | Education and national development : |
| Remainder of title | a comparative perspective / |
| Statement of responsibility, etc | by Ingemar Fägerlind and Lawrence J. Saha. |
| 250 ## - EDITION STATEMENT | |
| Edition statement | 1st ed. |
| 260 ## - PUBLICATION, DISTRIBUTION, ETC. (IMPRINT) | |
| Place of publication, distribution, etc | Oxford [Oxfordshire] ; |
| -- | New York : |
| Name of publisher, distributor, etc | Pergamon, |
| Date of publication, distribution, etc | 1983. |
| 300 ## - PHYSICAL DESCRIPTION | |
| Extent | xiv, 287 p. ; |
| Dimensions | 24 cm. |
| 490 1# - SERIES STATEMENT | |
| Series statement | Pergamon international library of science, technology, engineering, and social studies |
| 500 ## - GENERAL NOTE | |
| General note | Includes indexes. |
| 504 ## - BIBLIOGRAPHY, ETC. NOTE | |
| Bibliography, etc | Bibliography: p. 255-269. |
| 650 #0 - SUBJECT ADDED ENTRY--TOPICAL TERM | |
| Topical term or geographic name as entry element | Education |
| General subdivision | Economic aspects. |
| 9 (RLIN) | 15400 |
| 658 ## - INDEX TERM--CURRICULUM OBJECTIVE | |
| Main curriculum objective | Education. |
| 700 1# - ADDED ENTRY--PERSONAL NAME | |
| Personal name | Saha, Lawrence J. |
| 9 (RLIN) | 15401 |
| 830 #0 - SERIES ADDED ENTRY--UNIFORM TITLE | |
| Uniform title | Pergamon international library of science, technology, engineering, and social studies. |
| 9 (RLIN) | 15402 |
| 942 ## - ADDED ENTRY ELEMENTS (KOHA) | |
| Source of classification or shelving scheme | Dewey Decimal Classification |
| Item type | Books |
| Withdrawn status | Lost status | Source of classification or shelving scheme | Damaged status | Not for loan | Collection code | Home library | Current library | Shelving location | Date acquired | Source of acquisition | Inventory number | Total Checkouts | Full call number | Barcode | Date last seen | Copy number | Price effective from | Koha item type | Public note |
|---|---|---|---|---|---|---|---|---|---|---|---|---|---|---|---|---|---|---|---|
| Dewey Decimal Classification | Main Library | Main Library | 28/10/2007 | Donation. | 12022 | 370.19 FAG | bsu25060135 | 28/10/2013 | 1 | 28/10/2013 | Books | Material Available In Hardcopy |